| 000 | 00402nam a2200133Ia 4500 | ||
|---|---|---|---|
| 008 | 230917s9999||||xx |||||||||||||| ||und|| | ||
| 040 |
_e92094 _aMAIN |
||
| 041 | _aEnglish | ||
| 082 | _a370.153 P24S | ||
| 100 | _aParmar, Anu | ||
| 245 | 0 | _aStudy of risk taking behaviour of high school students in relation to achievement motivation anxiety and socio-economic status | |
| 300 | _a135 p. | ||
| 942 | _cTH | ||
| 999 |
_c87162 _d87162 |
||